000 00848cam a22001934a 4500
999 _c6252
_d6252
020 _a0521631998
020 _a0521635667
022 _a9780521635660
050 0 0 _aP291
_b.V31
100 1 _aVan Valin, Robert D.
245 1 3 _aAn introduction to syntax /
_cRobert D. Van Valin, Jr.
260 _aCambridge, UK ;
_aNew York :
_bCambridge University Press,
_c2001.
300 _axvi, 239 p. :
_bill. ;
_c26 cm.
500 _aIncludes Index
505 _aCHAPTER 1 Syntax, lexical categories, and morphology; CHAPTER 2 Grammatical relations; CHAPTER 3 Dependency relations; CHAPTER 4 Constituent structure; CHAPTER 5 Grammar and lexicon; CHAPTER 6 Theories of syntax; References; Language index; Subject index.
650 0 _aGrammar, Comparative and general
_xSyntax.
650 0 _aLANGUAGE ARTS & DISCIPLINES -- Grammar & Punctuation.
942 _cBK